LGBTQ+ Quiz - Statistics

General Stats
  • This quiz has been taken 517 times
  • The average score is 18 of 43
Answer Stats
Hint Answer % Correct
Non-women attracted to non-women Gay
97%
Attraction towards two or more genders Bisexual
96%
Non-men attracted to non-men Lesbian
96%
Attraction towards all genders, genderblind Pansexual
95%
Someone who experiences little to no sexual attraction Asexual
80%
An umbrella term for people whose gender falls outside the binary genders Nonbinary
71%
An umbrella term for people whose gender is different from their assigned gender at birth Transgender
69%
Gender identity which changes over time, fluidity of gender identity Genderfluid
68%
An umbrella term for people who are not heterosexual or are not cisgender Queer
67%
Someone who experiences little to no romantic attraction Aromantic
65%
Attraction towards all genders with preference Omnisexual
61%
Genderless, having no gender Agender
59%
Someone who only feels sexual attraction towards someone they have a strong emotional bond with Demisexual
56%
Someone who partially (but not fully) identifies as a man Demiboy
54%
Someone who partially (but not fully) identifies as a woman Demigirl
54%
Attraction towards many (but not all) genders Polysexual
54%
Having two gender identities, or a combination of two gender identities Bigender
51%
Someone who experiences little to no romantic or sexual attraction Aroace
45%
Having a partial (but not full) connection to a particular gender Demigender
42%
Someone who only feels romantic attraction towards someone they have a strong emotional bond with Demiromantic
40%
An umbrella term for attraction to women Sapphic
40%
Having an intimate relationship with more than one person simultaneously Polyamorous
39%
Romantic attraction towards all genders, genderblind Panromantic
38%
Romantic attraction towards two or more genders Biromantic
37%
Not limited to one gender, experiencing many or all genders at once Pangender
32%
An umbrella term that describes differences in gender characteristics that do not fit the binary idea of male or female Intersex
30%
Romantic attraction towards all genders with preference Omniromantic
30%
Sexual attraction which changes over time, fluidity of sexual attraction Abrosexual
29%
Someone who experiences limited sexual attraction Greysexual
28%
Romantic attraction towards many (but not all) genders Polyromantic
28%
A set of singular person pronouns that are not an officially recognised part of the language they are used in Neopronouns
26%
An umbrella term for attraction to men Achillean
22%
Someone who experiences limited romantic attraction Greyromantic
22%
Romantic attraction which changes over time, fluidity of romantic attraction Abroromantic
17%
An umbrella term for people who do not wish to label their identity with more specific terms Unlabeled
16%
Nonbinary attracted to non-men Trixic
15%
Nonbinary attracted to non-women Toric
13%
Gender identity which changes over time, but never male-aligned Genderfae
8%
Gender identity which changes over time, but never female-aligned Genderfaun
8%
Attraction to non-men Neptunic
8%
Attraction to non-women Uranic
6%
Non-men romantically attracted to non-men Lesbiromantic
4%
Attraction to androgynous people Saturnic
3%
No matching quizzes found
Score Distribution
Percent of People with Each Score
Percentile by Number Answered
Your Score History
You have not taken this quiz